000 00621nam a2200265Ia 4500
003 OSt
005 20240923101218.0
008 210210b1923 xxu||||| |||| 00| 0 eng d
040 _cAL
041 _aEnglish
082 _a886/2
100 _aBADARAYANA
_9179909
245 _aBrahma sutras
260 _aPUna
_b-
_c1923
650 _asUtras
_9179910
650 _aKe
_9179911
650 _aEs
_9179912
650 _aby
_9179913
650 _aBrahma
_9179914
650 _aBelvalkar
_9179915
690 _aSanskrit Criticism
_9179916
700 _auBelvalkar S K
_9179917
906 _a024509
942 _2ddc
_cBK
999 _c150049
_d150049